Qui a fait quoi ? Clic - Thème de la Justice - Statistiques

Statistiques générales
  • Ce quiz a été pris 42 fois
  • Le résultat moyen est 8 sur 20
Statistiques - réponses
Hint Réponse % Correct
Qui a été nommé Président du Conseil constitutionnel en 2016 ? Laurent Fabius
65%
Qui est l'auteur de la citation : "La justice française ne peut plus être une justice qui tue." ? Robert Badinter
65%
Qui a été jugé non-coupable de viol et de tentative de viol, et acquitté à l'unanimité par la justice Britannique en 2023 ? Benjamin Mendy
62%
Qui a été le principal bourreau de Paris pendant la Révolution et bourreau qui se chargera d'exécuter Louis XVI ? Charles-Henri Sanson
59%
Qui est l'un des personnages principaux de l'escroquerie géante à la TVA sur le marché du carbone ? Marco Mouly
56%
Qui a reçu l'interdiction de détenir un chat pendant cinq ans par la justice Britannique ? Kurt Zouma
53%
Qui a utilisé le nom d'emprunt Paul Bismuth dans l'espoir d'échapper à des écoutes téléphoniques de la police ? Nicolas Sarkozy
50%
Qui est reconnu comme le commanditaire du meurtre, très médiatisé, de l'actrice Sharon Tate ? Charles Manson
47%
Qui est l'auteur de la citation : " Il y a deux sortes de justice : vous avez l'avocat qui connaît bien la loi, et l'avocat qui connaît bien le juge ! " ? Coluche
47%
Qui a avoué être une imposture suite à une enquête sur lui, après avoir été l'autoproclamé spécialiste Français des tueurs en série pendant 30 ans ? Stéphane Bourgoin
44%
Qui a écrit : “La justice sans la force est impuissante, la force sans la justice est tyrannique.” ? Blaise Pascal
41%
Qui est la vedette de la saga cinématographique "Un justicier dans la ville" ? Charles Bronson
35%
Qui est connu pour avoir révélé l'affaire VA-OM, ayant conduit notamment Bernard Tapie à une peine de prison ferme, pour match truqué ? Jacques Glassmann
32%
Qui a été arrêté à l’aéroport de Glasgow en 2019, confondu avec l'homme le plus recherché de France, Xavier Dupont de Ligonnès, et disculpé au bout de 26 longues heures ? Guy Joao
26%
Qui dit avoir été arnaqué de plusieurs centaines de milliers d'euros par Christophe Rocancourt ?
Michel Polnareff
26%
Qui est l'auteur de la citation : "Seule une exigence de cohérence et de justice motive mon refus de tuer et de faire souffrir un animal." ? Aymeric Caron
24%
Qui est l'auteur de la citation : " Ne demandez pas à un homme d'être raisonnable quand, justement, la justice et le gouvernement ne le sont pas." ? Jacques Mesrine
15%
Qui est l'auteur du livre "La Cellule de Zarkane", sous le faux nom Joseph Lubsky présenté comme un ancien détenu, jusqu'à se déguiser pour en faire la promotion ? Patrick Sébastien
15%
Qui est l'autre membre du groupe de musique électronique français Justice avec Gaspard Augé ? Xavier de Rosnay
15%
Qui est l'auteur de la citation : "La justice, c'est comme la Sainte Vierge, si on la voit pas de temps en temps, le doute s'installe." ? Michel Audiard
12%
Aucun quiz correspondant
Distribution des résultats
% des personnes avec chaque résultat
Percentile par nombre de réponses
Votre historique - résultats
Vous n’avez pas pris ce quiz